BARAJA DE CRONICAS CASTELLANAS DEL SIGLO XIV /

Αποθηκεύτηκε σε:
Λεπτομέρειες βιβλιογραφικής εγγραφής
Άλλοι συγγραφείς: Iglesia, Ramón (selección) (selección)
Μορφή: Βιβλίο
Σειρά:PRIMAVERA Y FLOR
Θέματα:
Ετικέτες: Προσθήκη ετικέτας
Δεν υπάρχουν, Καταχωρήστε ετικέτα πρώτοι!

MARC

LEADER 00000nam^a2200000^a^4500
001 000233806
005 20250521000000.0
009 20260310104659.276
035 |a 056708 
037 |a Acervo Xavier Clavigero 
082 |a 946. 3  |b BAR 
245 1 0 |a BARAJA DE CRONICAS CASTELLANAS DEL SIGLO XIV /  |c SELEC. RAMON IGLESIA 
264 |a MEXICO :  |b SENECA,  |c 1940 
300 |a 108 p. 
336 |a texto  |b txt  |2 rdacontenido 
337 |a sin mediación  |b n  |2 rdamedio 
338 |a volumen  |b nc  |2 rdasoporte 
440 |a PRIMAVERA Y FLOR 
649 |a XX 
650 |a Castilla, España -  |x Historia -  |x Fuentes 
650 |a España -  |x Historia -  |y Período Arabe, 711-1492 
700 |a Iglesia, Ramón  |e (selección) 
910 |a Fondo General 
920 |a Impresos - Libros 
930 |a Colección General 
905 |a 101 
901 |a 056708  |b IT1  |c ACC  |i 056708  |u 20250521 
902 |a https://opac.biblio.iteso.mx/vufind/Record/000233806